|
|
|
|
| LEADER |
01128nam a2200217 a 4500 |
| 001 |
GR-MES1252 |
| 008 |
991111s1985 gr 000 0 gre d |
| 040 |
|
|
|a GrPaTEI
|b gre
|c GR-PaULI
|
| 245 |
0 |
0 |
|a Κράτος και εργασιακές σχέσεις :
|b Η πολιτική οικονομία των εργασιακών σχέσεων.
|
| 260 |
|
|
|a Αθήνα :
|b Παπαζήσης,
|c 1985
|
| 300 |
|
|
|a 164σελ.
|
| 500 |
|
|
|a βιβλιογραφία:σελ(157-164)
|
| 650 |
|
4 |
|a Εργασιακές Σχέσεις
|
| 650 |
|
4 |
|a Κράτος
|
| 650 |
|
4 |
|a Πολιτική οικονομία
|
| 700 |
1 |
|
|a Πετρινιώτης, Ξ.
|
| 942 |
|
|
|2 ddc
|
| 952 |
|
|
|0 0
|1 0
|2 ddc
|4 0
|6 344_100000000000000_ΠΕΤ
|7 0
|9 265255
|a MSLG
|b MSLG
|c BSC
|d 2021-01-17
|e 24
|f 0
|g 0.00
|l 0
|o 344.1 ΠΕΤ
|p 2420000005258
|r 2021-01-17 00:00:00
|t 1
|w 2021-01-17
|y BK15
|x 19991111 0 1
|x GrPaTEI
|
| 952 |
|
|
|0 0
|1 0
|2 ddc
|4 0
|6 344_100000000000000_ΠΕΤ
|7 0
|9 265256
|a MSLG
|b MSLG
|c BSC
|d 2021-01-17
|e 24
|f 0
|g 0.00
|l 0
|o 344.1 ΠΕΤ
|p 2420000005259
|r 2021-01-17 00:00:00
|t 1
|w 2021-01-17
|y BK15
|x 19991111 0 1
|x GrPaTEI
|
| 971 |
|
|
|a .b25722943
|b 16-04-20
|c 13-09-16
|
| 999 |
|
|
|c 152514
|d 152514
|